00249nam a2200097Ia 4500082001300000100001500013245002700028260006400055300001000119650002200129 a624bBAS aBasak, N N aSurveying and leveling bTata McGraw Hill Education Private LimitedaNew Delhic2011 a549p. aCIVIL ENGINEERING